Self-Trapped Excitons /

Gespeichert in:
Bibliographische Detailangaben
Hauptverfasser: Song, K.S (Verfasst von), Williams, R.T (Verfasst von)
Format: Buch
Sprache:Englisch
Veröffentlicht: Heidelberg Springer 1996
Ausgabe:2. vyd.
Schriftenreihe:Springer Series in Solid-State Sciences 105
Tags: Tag hinzufügen
Keine Tags, Fügen Sie das erste Tag hinzu!

MARC

LEADER 00000nam a22000003a 4500
001 0079431
003 SK-STU
005 20200114134421.2
007 ta
008 200114s ----xo-----e------000-0-----d
020 |a 978-3-540-60446-4 
040 |a STU  |b slo 
041 0 |a eng 
044 |a gw 
100 1 |a Song, K.S.  |4 aut 
245 1 0 |a Self-Trapped Excitons /  |c aut. K.S Song, R.T Williams 
250 |a 2. vyd. 
260 |a Heidelberg  |b Springer  |c 1996 
300 |a 410 s. 
490 0 |a Springer Series in Solid-State Sciences  |v 105 
700 1 |a Williams, R.T.  |4 aut 
996 |b 284M088300  |c M* 14294-1  |l MMST  |s A  |a 24  |w 0079431_0001